000 00592nam a2200169 a 4500
001 000005193
005 20200929151614.0
008 090813s19uu dr 000 0 spa d
040 _aDO-SdBNP
_bspa
_cBNPHU
082 _a321.4
_bP438d
100 1 _aPeréz, Luis Julián
_914856
245 1 3 _aLa democracia nuestra :
_bun testimonio /
_cLuis Julián Pérez ; coordinación H. Guillermo Vallenilla.
260 _aSanto Domingo :
_bAmigo del Hogar,
_c[19-?].
300 _a291 p. ;
_c23 cm.
650 4 _aDemocracia
_xRepública dominicana
_914857
700 1 _aVallenilla, H. Guillermo,
_ecoord.
_914858
999 _c4995
_d4995